Motivácia zamestnancov bakalárska práca

Uložené v:
Podrobná bibliografia
Hlavný autor: Vargová, Veronika
Korporativný autor: Podnikovohospodárska fakulta EU so sídlom v Košiciach. Katedra manažmentu
Ďalší autori: Mihalčová, Bohuslava, 1963-
Médium: Kniha
Jazyk:Slovak
Vydavateľské údaje: Košice 2012
Tagy: Pridať tag
Žiadne tagy, Buďte prvý, kto otaguje tento záznam!

MARC

LEADER 00000nbm a2200000 4500
001 0155572
005 20170315090433.3
041 0 |a slo 
044 |a SK 
245 1 0 |a Motivácia zamestnancov  |b bakalárska práca  |c Veronika Vargová ; školiteľ: Bohuslava Mihalčová 
264 1 |a Košice  |c 2012 
300 |a 58 s. 
100 1 |a Vargová, Veronika 
700 1 |a Mihalčová, Bohuslava, 1963- 
710 2 |a Podnikovohospodárska fakulta EU so sídlom v Košiciach. Katedra manažmentu